Psychology in the physical and manual therapies / (رقم التسجيلة. 42681)
[ عرض عادي ]
| 000 -الفاتح | |
|---|---|
| حقل البيانات ثابتة الطول | 01456cam a22003614a 4500 |
| 003 - محدد رقم الضبط | |
| رقم الضبط | OSt |
| 005 - وقت وتاريخ اخر تعامل مع التسجيلة | |
| رقم الضبط | 20180904175708.0 |
| 008 - عناصر البيانات ثابتة الطول - معلومات عامة | |
| حقل البيانات ثابتة الطول | 040227s2004 stka b 001 0 eng |
| 020 ## - الرقم الدولى المعيارى للكتب | |
| الرقم الدولى المعيارى للكتاب | 044307352X (pbk.) |
| 020 ## - الرقم الدولى المعيارى للكتب | |
| الرقم الدولى المعيارى للكتاب | 9780443073526 |
| 040 ## - مصدر الفهرسة | |
| وكالة الفهرسة الأصلية | DNLM/DLC |
| وكالة النسخ | DLC |
| وكالة التعديل | DLC |
| لغة الفهرسة | eng |
| 042 ## - رمز التحقق | |
| رمز التحقق | pcc |
| 050 00 - رقم طلب مكتبة الكونجرس | |
| رقم التصنيف | RM701 |
| رقم المادة | .P74 2004 |
| 060 10 - رقم الطلب بالمكتبة الطبية الوطنية | |
| رقم التصنيف | WB 460 |
| رقم المادة | P9735 2004 |
| 082 00 - رقم تصنيف ديوى العشرى | |
| رقم التصنيف | 615.82 |
| رقم الطبعة | 22 |
| رقم المادة | PSP |
| 245 00 - بيان العنوان | |
| العنوان | Psychology in the physical and manual therapies / |
| بيان المسئوليه,etc | edited by Gregory S. Kolt and Mark B. Andersen ; foreword by Katherine F. Shepard. |
| 260 ## - PUBLICATION, DISTRIBUTION, ETC. (IMPRINT) | |
| مكان الناشر او الموزع | Edinburgh ; |
| -- | New York : |
| اسم الناشر او الموزع | Churchill Livingstone, |
| تاريخ النشر أو التوزيع | 2004. |
| 300 ## - الوصف المادى | |
| التعداد | xiii, 369 p. : |
| تفاصيل ماديه اخرى للوعاء | ill. ; |
| أبعاد الوعاء | 25 cm. |
| 504 ## - تبصرة ببليوجرافية | |
| تبصرة ببليوجرافية,الخ | Includes bibliographical references and indexes. |
| 650 #0 - المدخل الاضافى بالموضوع-مصطلح موضوعى | |
| مصطلح موضوعي أو اسم جغرافي كعنصر مدخل | Physical therapy |
| التقسيم الفرعي العام | Psychological aspects. |
| 9 (RLIN) | 64549 |
| 650 #0 - المدخل الاضافى بالموضوع-مصطلح موضوعى | |
| مصطلح موضوعي أو اسم جغرافي كعنصر مدخل | Physical therapist and patient. |
| 9 (RLIN) | 39359 |
| 650 #0 - المدخل الاضافى بالموضوع-مصطلح موضوعى | |
| مصطلح موضوعي أو اسم جغرافي كعنصر مدخل | Medical rehabilitation |
| التقسيم الفرعي العام | Psychological aspects. |
| 9 (RLIN) | 52341 |
| 650 12 - المدخل الاضافى بالموضوع-مصطلح موضوعى | |
| مصطلح موضوعي أو اسم جغرافي كعنصر مدخل | Physical Therapy Techniques |
| التقسيم الفرعي العام | psychology. |
| 9 (RLIN) | 64550 |
| 650 22 - المدخل الاضافى بالموضوع-مصطلح موضوعى | |
| مصطلح موضوعي أو اسم جغرافي كعنصر مدخل | Musculoskeletal Manipulations |
| التقسيم الفرعي العام | psychology. |
| 9 (RLIN) | 64551 |
| 650 22 - المدخل الاضافى بالموضوع-مصطلح موضوعى | |
| مصطلح موضوعي أو اسم جغرافي كعنصر مدخل | Patient Satisfaction. |
| 9 (RLIN) | 64552 |
| 650 22 - المدخل الاضافى بالموضوع-مصطلح موضوعى | |
| مصطلح موضوعي أو اسم جغرافي كعنصر مدخل | Professional-Patient Relations. |
| 9 (RLIN) | 11565 |
| 650 22 - المدخل الاضافى بالموضوع-مصطلح موضوعى | |
| مصطلح موضوعي أو اسم جغرافي كعنصر مدخل | Treatment Outcome. |
| 9 (RLIN) | 64553 |
| 700 1# - المدخل الاضافى - اسم شخصى | |
| الإسم الشخصى | Kolt, Gregory S. |
| 9 (RLIN) | 64554 |
| 700 1# - المدخل الاضافى - اسم شخصى | |
| الإسم الشخصى | Andersen, Mark B., |
| التواريخ المصاحبة للاسم | 1951- |
| 9 (RLIN) | 64555 |
| 942 ## - عناصر المدخل الإضافي( كوها) | |
| Koha [default] item type | كتاب |
| 906 ## - عنصر بيانات محلى F, LDF (RLIN) | |
| a | 7 |
| b | cbc |
| c | orignew |
| d | 1 |
| e | ocip |
| f | 20 |
| g | y-gencatlg |
| حالة الفقد | نموذج السعر الفعال | حالة تلف | ليس للاعارة | رقم الطلب | تاريخ الاكتساب | الموقع الحالي | الباركود | الفرع الرئيسي | Date last seen | نوع المادة فى نظام كوها | مصدر التصنيف او خطة الترفيف | Total Checkouts | Date last checked out |
|---|---|---|---|---|---|---|---|---|---|---|---|---|---|
| 2018-08-29 | 615.82 PSP | 2018-08-29 | المكتبة المركزية بالمجمعة (CL) | 00657523 | المكتبة المركزية بالمجمعة (CL) | 2018-08-29 | كتاب | Dewey Decimal Classification | |||||
| 2018-08-29 | 615.82 PSP | 2018-08-29 | المكتبة المركزية بالمجمعة (CL) | 00657524 | المكتبة المركزية بالمجمعة (CL) | 2018-08-29 | كتاب | Dewey Decimal Classification | |||||
| 2018-08-29 | 615.82 PSP | 2018-08-29 | المكتبة المركزية بالمجمعة (CL) | 00657525 | المكتبة المركزية بالمجمعة (CL) | 2018-08-29 | كتاب | Dewey Decimal Classification | |||||
| 2018-09-04 | 615.82 PSP | 2018-09-04 | مكتبة كلية العلوم الطبية التطبيقية بالمجمعة - طالبات (AMF) | 00657735 | مكتبة كلية العلوم الطبية التطبيقية بالمجمعة - طالبات (AMF) | 2020-02-18 | كتاب | Dewey Decimal Classification | 1 | 2020-02-09 | |||
| 2018-09-04 | 615.82 PSP | 2018-09-04 | مكتبة كلية العلوم الطبية التطبيقية بالمجمعة - طالبات (AMF) | 00657736 | مكتبة كلية العلوم الطبية التطبيقية بالمجمعة - طالبات (AMF) | 2018-09-04 | كتاب | Dewey Decimal Classification |
